Avengers: Earth's Mightiest Heroes: Members of the Avengers by Picture - Statistics

General Stats
  • This quiz has been taken 35 times
  • The average score is 18 of 19
Answer Stats
Picture Answer % Correct
Ant-Man
100%
Black Panther
100%
Captain America
100%
Hawkeye
100%
Hulk
100%
Iron Man
100%
Red Hulk
100%
Spider-Man
100%
Thor
100%
Black Widow
97%
Vision
97%
The Thing
93%
War Machine
93%
Wolverine
93%
Wasp
87%
Iron Fist
83%
Luke Cage
83%
Ms. Marvel
73%
Yellowjacket
67%
No matching quizzes found
Score Distribution
Percent of People with Each Score
Percentile by Number Answered
Your Score History
You have not taken this quiz